Medallas de las colonias, municipios y pueblos antiguos de España (Record no. 154107)
[ view plain ]
| 000 -LEADER | |
|---|---|
| campo de control de longitud fija | 01476nam a2200277 i 4500 |
| 001 - NÚMERO DE CONTROL | |
| campo de control | 154107 |
| 003 - IDENTIFICADOR DE NÚMERO DE CONTROL | |
| campo de control | ES-MaACL |
| 005 - FECHA Y HORA DE LA ÚLTIMA TRANSACCIÓN | |
| campo de control | 20250709063218.0 |
| 008 - DATOS DE LONGITUD FIJA--INFORMACIÓN GENERAL | |
| campo de control de longitud fija | 931025s1757 sp a |||| | spa d |
| 100 1# - ENTRADA PRINCIPAL--NOMBRE DE PERSONA | |
| Nombre de persona | Flórez, Enrique, |
| Fechas asociadas al nombre | 1702-1773 |
| 9 (RLIN) | 142679 |
| 245 10 - MENCIÓN DEL TÍTULO | |
| Título | Medallas de las colonias, municipios y pueblos antiguos de España |
| Resto del título | : colección de las que se hallan en diversos autores y de otras nunca publicadas, con explicación y dibujo de cada una / |
| Mención de responsabilidad, etc. | por el R.P.M. Fr. Henrique Florez, del Orden de S. Agustin... |
| 260 ## - PUBLICACIÓN, DISTRIBUCIÓN, ETC. | |
| Lugar de publicación, distribución, etc. | En Madrid : |
| Nombre del editor, distribuidor, etc. | en la oficina de Antonio Marin, |
| Fecha de publicación, distribución, etc. | 1757. |
| 300 ## - DESCRIPCIÓN FÍSICA | |
| Extensión | [16], 408 p., XXIII h. de grab., [1] h. de grab. pleg. : |
| Otras características físicas | il. ; |
| Dimensiones | 4º. |
| 530 ## - NOTA DISPONIBLE DE FORMULARIO FÍSICO ADICIONAL | |
| Nota de formato físico adicional disponible | Disponible en formato digital. |
| 597 ## - NOTA DE DESCRIPCIÓN FÍSICA | |
| NOTA DE DESCRIPCIÓN FÍSICA | Sign.: ¶-2¶\p4\s, A-Z\p4\s, 2A-2Z\p4\s, 3A-3E\p4\s. |
| 597 ## - NOTA DE DESCRIPCIÓN FÍSICA | |
| NOTA DE DESCRIPCIÓN FÍSICA | Port. a dos tintas. |
| 599 ## - NOTA A LAS ILUSTRACIONES | |
| NOTA A LAS ILUSTRACIONES | Grab. calc. en port.: "Prieto" y en p. 1: "A\pa\s Velazquez delin. M\pl\sa Salvador Carmona sculp. 1757" |
| 599 ## - NOTA A LAS ILUSTRACIONES | |
| NOTA A LAS ILUSTRACIONES | La h. de grab. pleg. calc. entre p. 120-121, mapa de los pueblos que batieron las medallas de España. |
| 599 ## - NOTA A LAS ILUSTRACIONES | |
| NOTA A LAS ILUSTRACIONES | Las XXIII h. de grab. calc. representan monedas. |
| 650 #4 - PUNTO DE ACCESO ADICIONAL DE MATERIA--TÉRMINO DE MATERIA | |
| Término de materia o nombre geográfico como elemento de entrada | Numismática- |
| Subdivisión geográfica | España. |
| 9 (RLIN) | 140095 |
| 700 1# - ENTRADA AGREGADA--NOMBRE PERSONAL | |
| Nombre de persona | Marín, Antonio, |
| Fechas asociadas al nombre | fl. 1726-1784 |
| 9 (RLIN) | 129682 |
| 752 ## - ENTRADA AGREGADA--NOMBRE JERÁRQUICO DEL LUGAR | |
| País o entidad superior | España - |
| Ciudad | Madrid |
| 852 ## - LOCALIZACIÓN | |
| Ubicación | ES-MaACL |
| Número de control de estantería | R-203-205 |
| Nota libre | - Enc. pasta |
| Signatura antigua | - |
| Encuadernación | Olim: A-1016-18 |
| 856 ## - LOCALIZACIÓN Y ACCESO ELECTRÓNICOS | |
| Identificador Uniforme de Recursos | <a href="http://bdh-rd.bne.es/viewer.vm?id=0000045921&page=1 ">http://bdh-rd.bne.es/viewer.vm?id=0000045921&page=1 </a> |
| Nota pública | Biblioteca Digital Hispánica |
| Estatus retirado | Estado de pérdida | Estado de daño | No para préstamo | Colección | Biblioteca de origen | Biblioteca actual | Ubicación en estantería | Fecha de adquisición | Total de préstamos | Signatura topográfica completa | Código de barras | Visto por última vez | Precio de reemplazo | Tipo de ítem Koha |
|---|---|---|---|---|---|---|---|---|---|---|---|---|---|---|
| Colección digital | Biblioteca del Ateneo de Madrid | Biblioteca del Ateneo de Madrid | Depósito | 17/01/2008 | R-203-205 | 1161139 | 23/02/2023 | 23/02/2023 | Libro impreso antiguo |
